Las clases medias en la estructura social:

Сохранить в:
Библиографические подробности
Главный автор: Cañete, María Fernanda
Формат: Текст
Метки: Добавить метку
Нет меток, Требуется 1-ая метка записи!

MARC

LEADER 00000 a a2200000 04500
001 47864
003
040
100 |a Cañete, María Fernanda  
245 |a Las clases medias en la estructura social:   |a apuntes para la discusión /  |c María Fernanda Cañete  
773 |g número74, (2008), páginas 91-101  
999 |c 38248  |d 38248